Isai / (Record no. 7304)

MARC details
000 -LEADER
fixed length control field 00567nam a22001937a 4500
003 - CONTROL NUMBER IDENTIFIER
control field GBCCL
005 - DATE AND TIME OF LATEST TRANSACTION
control field 20241126110624.0
008 - FIXED-LENGTH DATA ELEMENTS--GENERAL INFORMATION
fixed length control field 180726b ||||| |||| 00| 0 eng d
040 ## - CATALOGING SOURCE
Transcribing agency GBC
082 ## - DEWEY DECIMAL CLASSIFICATION NUMBER
Classification number VER 224.107
Item number GUI
100 ## - MAIN ENTRY--PERSONAL NAME
Personal name Guite, Paukhanmang
9 (RLIN) 9561
245 ## - TITLE STATEMENT
Title Isai /
Statement of responsibility, etc. Paukhanmang Guite
260 ## - PUBLICATION, DISTRIBUTION, ETC.
Place of publication, distribution, etc. New Lamka:
Name of publisher, distributor, etc. Evangelical Baptist Convention,
Date of publication, distribution, etc. 2001.
300 ## - PHYSICAL DESCRIPTION
Extent 241 p.,
Dimensions 21.5 x 14 cm.,
440 ## - SERIES STATEMENT/ADDED ENTRY--TITLE
Title Saptuam Laisiangthou Hilhchetna
9 (RLIN) 7247
650 ## - SUBJECT ADDED ENTRY--TOPICAL TERM
Source of heading or term Bible - OT - Isai - Commentaries
650 ## - SUBJECT ADDED ENTRY--TOPICAL TERM
Source of heading or term Sunday School Lesson - EBC
942 ## - ADDED ENTRY ELEMENTS (KOHA)
Source of classification or shelving scheme Dewey Decimal Classification
Koha item type Books
Holdings
Withdrawn status Lost status Source of classification or shelving scheme Damaged status Not for loan Home library Current Library Shelving location Date acquired Total checkouts Full call number Barcode Date last seen Copy number Price effective from Koha item type
    Dewey Decimal Classification     GRACE BIBLE COLLEGE GRACE BIBLE COLLEGE Vernacular 2018-07-26   VER 224.107 GUI 002648 2025-05-01 c.1 2018-07-26 Books
© Grace Bible College Library 2025